000 00437nam a22001577a 4500
003 BD-DhUIB
005 20251023161122.0
008 251023b |||||||| |||| 00| 0 eng d
040 _aBD-DhUIB
_cBD-DhUIB
050 _a331.11095492
082 _222
100 _aBureau of statical report/
_91033
245 _aReport of the labour force survey Bangladesh 1999-2000/
_cby Bangladesh bureau statistics.
526 _aBBA.
942 _2ddc
_cBK
999 _c590
_d590